| 000 | 00436cam a2200181ua 4500 | ||
|---|---|---|---|
| 001 | 19825 | ||
| 008 | 130918n2010 II |||gr||||Z||||||asm | ||
| 040 | _aMAIN | ||
| 041 | _aEnglish | ||
| 082 | _a891.451 DEK | ||
| 100 | _aDEKA, NILAMONI SEN. | ||
| 245 | _aNISHIDHA ITIHASH (Comprehensive Study) | ||
| 250 | _a1ST. | ||
| 260 |
_aNALBARI _bJOURNAL EMPORIUM _c2010 |
||
| 300 |
_a248: _c20CM. |
||
| 653 | _aAsomiya Sahitya | ||
| 942 | _cBK | ||
| 999 |
_c19687 _d19687 |
||